[Event "London Classic op U1825 8th"]
[Site "London"]
[Date "2016.12.10"]
[Round "2"]
[White "O'Gorman, Brendan"]
[Black "Dybowski, Artur"]
[Result "0-1"]
[WhiteElo "1705"]
[BlackElo "1554"]
[PlyCount "64"]
[EventDate "2016.12.09"]
[EventType "swiss"]
[EventRounds "5"]
[EventCountry "ENG"]
[SourceTitle "EXT 2019"]
[Source "ChessBase"]
[SourceDate "2018.10.10"]
[SourceVersion "1"]
[SourceVersionDate "2018.10.10"]
[SourceQuality "1"]

1. d4 b6 2. Nf3 Bb7 3. Nbd2 e6 4. e4 Ne7 5. Bd3 g6 6. 0-0 d6 7. Re1 Nd7 8. Nf1 Bg7 9. c3 h6 10. Bf4 a6 11. h4 0-0 12. Qd2 Kh7 13. N1h2 f5 14. exf5 exf5 15. h5 gxh5 16. Nh4 Ng6 17. Bxf5 Qxh4 18. Bxg6+ Kxg6 19. Qd3+ Kf6 20. Bg3 Qg5 21. Nf3 Bxf3 22. Qxf3+ Kg6 23. Qe4+ Qf5 24. Qc6 Nf6 25. Qxc7 Ne4 26. Bh4 Bf6 27. Bxf6 Qxf2+ 28. Kh2 Qf4+ 29. Kg1 Rxf6 30. Qc6 Qf2+ 31. Kh2 Qh4+ 32. Kg1 Ng3 0-1

[Event "Lublin Gerlecka Memorial 3rd"]
[Site "Lublin"]
[Date "2013.08.??"]
[Round "5.10"]
[White "Dybowski, Artur"]
[Black "Chlewinski, Artur"]
[Result "0-1"]
[WhiteElo "1627"]
[BlackElo "1676"]
[PlyCount "48"]
[EventDate "2013.08.06"]
[EventType "swiss"]
[EventRounds "9"]
[EventCountry "POL"]
[SourceTitle "EXT 2023"]
[Source "ChessBase"]
[SourceDate "2022.10.05"]
[SourceVersion "1"]
[SourceVersionDate "2022.10.05"]
[SourceQuality "1"]

1. e4 c5 2. d3 Nc6 3. Nf3 e6 4. Be2 Nf6 5. Nbd2 b6 6. 0-0 Qc7 7. Re1 Bb7 8. Bf1 d6 9. c3 Be7 10. Qc2 Rc8 11. a4 0-0 12. g3 Rfd8 13. Bg2 d5 14. Qb1 Ng4 15. Nf1 dxe4 16. dxe4 Ba6 17. Bf4 e5 18. Bh3 exf4 19. Bxg4 fxg3 20. Nxg3 Rb8 21. Qa2 Qf4 22. h3 g6 23. Nh2 Rd2 24. Be2 Bh4 0-1

[Event "Karpacz op"]
[Site "Karpacz"]
[Date "2013.07.30"]
[Round "9"]
[White "Siwon, Zbigniew"]
[Black "Dybowski, Artur"]
[Result "1-0"]
[WhiteElo "1788"]
[BlackElo "1627"]
[PlyCount "31"]
[EventDate "2013.07.22"]
[EventType "swiss"]
[EventRounds "9"]
[EventCountry "POL"]
[SourceTitle "EXT 2014"]
[Source "ChessBase"]
[SourceDate "2013.11.20"]
[SourceVersion "1"]
[SourceVersionDate "2013.11.20"]
[SourceQuality "1"]

1. d4 Nf6 2. c4 g6 3. Nc3 d5 4. cxd5 Nxd5 5. g3 Nxc3 6. bxc3 Bg7 7. Bg2 c5 8. e3 0-0 9. Ne2 Nc6 10. 0-0 Qa5 11. Qb3 Qa6 12. Nf4 cxd4 13. cxd4 Na5 14. Qa4 e6 15. Bd2 Rb8 16. Qxa5 1-0

[Event "Karpacz op"]
[Site "Karpacz"]
[Date "2013.07.28"]
[Round "7"]
[White "Dybowski, Artur"]
[Black "Piela, Dominik"]
[Result "0-1"]
[WhiteElo "1627"]
[BlackElo "1478"]
[PlyCount "54"]
[EventDate "2013.07.22"]
[EventType "swiss"]
[EventRounds "9"]
[EventCountry "POL"]
[SourceTitle "EXT 2014"]
[Source "ChessBase"]
[SourceDate "2013.11.20"]
[SourceVersion "1"]
[SourceVersionDate "2013.11.20"]
[SourceQuality "1"]

1. e4 d5 2. exd5 Qxd5 3. Nc3 Qa5 4. d4 Nf6 5. Bc4 c6 6. Bf4 Nd5 7. Nge2 Bg4 8. Bxd5 cxd5 9. 0-0 e6 10. a3 Be7 11. Qd2 Bxe2 12. b4 Qb6 13. Nxe2 0-0 14. Rfc1 Nc6 15. c4 dxc4 16. Rxc4 Bf6 17. Rd1 Rfd8 18. Rc5 Bxd4 19. Nxd4 Rxd4 20. Qxd4 Nxd4 21. Rxd4 Rd8 22. Rxd8+ Qxd8 23. g3 h6 24. Rc7 Qd5 25. Be3 Qd8 26. Rxb7 Qd1+ 27. Kg2 Qd5+ 0-1

[Event "Karpacz op"]
[Site "Karpacz"]
[Date "2013.07.27"]
[Round "6"]
[White "Kotas, Kacper"]
[Black "Dybowski, Artur"]
[Result "0-1"]
[WhiteElo "1430"]
[BlackElo "1627"]
[PlyCount "76"]
[EventDate "2013.07.22"]
[EventType "swiss"]
[EventRounds "9"]
[EventCountry "POL"]
[SourceTitle "EXT 2014"]
[Source "ChessBase"]
[SourceDate "2013.11.20"]
[SourceVersion "1"]
[SourceVersionDate "2013.11.20"]
[SourceQuality "1"]

1. e4 e5 2. Nf3 Nc6 3. Bc4 Be7 4. 0-0 Nf6 5. d4 exd4 6. e5 Ng4 7. Nxd4 Ngxe5 8. Bb3 0-0 9. f4 Nxd4 10. Qxd4 Nc6 11. Qd5 b6 12. c3 Bc5+ 13. Kh1 Bb7 14. Qh5 Qf6 15. f5 h6 16. Nd2 Rae8 17. Nf3 Ne5 18. Nh4 Be7 19. Ng6 Nxg6 20. Qxg6 Kh8 21. Qxf6 Bxf6 22. Kg1 d5 23. Bf4 Be5 24. Rad1 c6 25. f6 Bxf4 26. fxg7+ Kxg7 27. Rxf4 Re2 28. c4 Rfe8 29. Rdf1 R8e7 30. Bd1 R2e6 31. Bh5 f6 32. Rg4+ Kh8 33. Rg6 f5 34. Rxe6 Rxe6 35. Rxf5 Ba6 36. cxd5 Re1+ 37. Kf2 Rf1+ 38. Ke3 Rxf5 0-1

[Event "Karpacz op"]
[Site "Karpacz"]
[Date "2013.07.23"]
[Round "2"]
[White "Dwilewicz, Agata"]
[Black "Dybowski, Artur"]
[Result "1-0"]
[WhiteElo "1502"]
[BlackElo "1627"]
[PlyCount "23"]
[EventDate "2013.07.22"]
[EventType "swiss"]
[EventRounds "9"]
[EventCountry "POL"]
[SourceTitle "EXT 2014"]
[Source "ChessBase"]
[SourceDate "2013.11.20"]
[SourceVersion "1"]
[SourceVersionDate "2013.11.20"]
[SourceQuality "1"]

1. e4 e5 2. Nf3 Nc6 3. Bc4 Nf6 4. Ng5 d5 5. exd5 b5 6. Bf1 Qxd5 7. Nc3 Qc5 8. Bxb5 Bg4 9. f3 Bf5 10. Qe2 Bd7 11. Qc4 Rd8 12. Qxf7# 1-0

[Event "Lublin Gerlecka Memorial 2nd"]
[Site "Lublin"]
[Date "2012.08.07"]
[Round "8.7"]
[White "Dybowski, Artur"]
[Black "Gosek, Zenon"]
[Result "1/2-1/2"]
[WhiteElo "1680"]
[BlackElo "2054"]
[PlyCount "44"]
[EventDate "2012.08.07"]
[EventType "swiss"]
[EventRounds "9"]
[EventCountry "POL"]
[SourceTitle "EXT 2023"]
[Source "ChessBase"]
[SourceDate "2022.10.05"]
[SourceVersion "1"]
[SourceVersionDate "2022.10.05"]
[SourceQuality "1"]

1. Nf3 c5 2. g3 Nc6 3. Bg2 g6 4. 0-0 Bg7 5. e3 e5 6. d3 d5 7. Nbd2 Nf6 8. c4 0-0 9. Nb3 Qe7 10. Qc2 Nb4 11. Qe2 Bg4 12. e4 d4 13. h3 Be6 14. a3 Nc6 15. Ng5 Qd7 16. f4 h6 17. Nf3 Nh5 18. Kh2 Rae8 19. Bd2 b6 20. a4 a5 21. Rae1 Qd8 22. Qf2 f5 1/2-1/2

[Event "Lublin Gerlecka Memorial 2nd"]
[Site "Lublin"]
[Date "2012.08.07"]
[Round "4.4"]
[White "Dybowski, Artur"]
[Black "Pikulinski, Janusz"]
[Result "1-0"]
[WhiteElo "1680"]
[BlackElo "1999"]
[PlyCount "61"]
[EventDate "2012.08.07"]
[EventType "swiss"]
[EventRounds "9"]
[EventCountry "POL"]
[SourceTitle "EXT 2023"]
[Source "ChessBase"]
[SourceDate "2022.10.05"]
[SourceVersion "1"]
[SourceVersionDate "2022.10.05"]
[SourceQuality "1"]

1. e4 e5 2. Nf3 Nc6 3. d4 exd4 4. c3 Nf6 5. e5 Ne4 6. cxd4 Bb4+ 7. Bd2 Nxd2 8. Nbxd2 d5 9. Be2 0-0 10. 0-0 a6 11. a3 Be7 12. b4 f6 13. Nb3 Kh8 14. Qd2 Bg4 15. Rae1 a5 16. b5 a4 17. bxc6 axb3 18. cxb7 Ra7 19. Rb1 Rxb7 20. Qc3 Qb8 21. a4 b2 22. Bb5 Rb6 23. Rxb2 c6 24. Rfb1 Bf5 25. Bd3 Bxd3 26. Rxb6 Bxb1 27. Rxb8 Rxb8 28. Qxc6 Be4 29. h3 Kg8 30. a5 Bxf3 31. gxf3 1-0

[Event "Lublin Gerlecka Memorial 2nd"]
[Site "Lublin"]
[Date "2012.08.07"]
[Round "5.2"]
[White "Maka, Michal"]
[Black "Dybowski, Artur"]
[Result "1-0"]
[WhiteElo "2017"]
[BlackElo "1680"]
[PlyCount "83"]
[EventDate "2012.08.07"]
[EventType "swiss"]
[EventRounds "9"]
[EventCountry "POL"]
[SourceTitle "EXT 2023"]
[Source "ChessBase"]
[SourceDate "2022.10.05"]
[SourceVersion "1"]
[SourceVersionDate "2022.10.05"]
[SourceQuality "1"]

1. Nf3 d5 2. d4 Nf6 3. Bf4 e6 4. e3 Bd6 5. Ne5 Nbd7 6. Nd2 0-0 7. Bd3 c5 8. c3 Qc7 9. Ndf3 Ne4 10. Qc2 Ndf6 11. g4 c4 12. Be2 Nxg4 13. Nxg4 Bxf4 14. exf4 Qxf4 15. Ne3 b5 16. Rg1 a5 17. Qc1 f6 18. Ng4 Qd6 19. Nd2 Ng5 20. Nf3 Nh3 21. Rg3 Nf4 22. Qd2 b4 23. Rb1 Rb8 24. b3 Nxe2 25. Kxe2 Ba6 26. Ke1 a4 27. Rb2 cxb3 28. axb3 bxc3 29. Qxc3 Qb4 30. Nd2 Rfc8 31. Nxf6+ Kf7 32. Nxd5 exd5 33. Qf3+ Ke6 34. Qg4+ Kd6 35. Qf4+ Kc6 36. Rxg7 Kb6 37. f3 Qc3 38. Qd6+ Ka5 39. Qxd5+ Rb5 40. b4+ Kb6 41. Qd6+ Rc6 42. Qb8+ 1-0